Anuario estadístico 1967: Sistema Hospitalario Nacional Unidades Sanitarias y otros Programas de Salud /
El documento consiste en un anuario estadístico del Sistema Hospitalario Nacional de Costa Rica, del año 1967.
Salvato in:
| Ente Autore: | |
|---|---|
| Natura: | testo |
| Lingua: | Spanish |
| Pubblicazione: |
Costa Rica :
MSP. DEH. Sección de Impresos y Dibujo
1968
|
| Soggetti: | |
| Tags: |
Aggiungi Tag
Nessun Tag, puoi essere il primo ad aggiungerne!!
|
MARC
| LEADER | 00000 a a2200000 04500 | ||
|---|---|---|---|
| 001 | 17849 | ||
| 003 | cru CIDCACS/IIS | ||
| 005 | 20230522120306.0 | ||
| 008 | 230522e1968 cr ||||| |||| 00| 0 spa d | ||
| 020 | |a [sin ISBN] | ||
| 022 | |a [sin ISBN] | ||
| 040 | |c CRAI/IIS | ||
| 090 | |a 02.05.02 CR8375a 1967 | ||
| 110 | |a Costa Rica. Ministerio de Salubridad Pública. Departamento de Estadística Hospitalaria | ||
| 245 | |a Anuario estadístico 1967: Sistema Hospitalario Nacional Unidades Sanitarias y otros Programas de Salud / |c Ministerio de Salubridad Pública. Departamento de Estadística Hospitalaria | ||
| 260 | |a Costa Rica : |b MSP. DEH. Sección de Impresos y Dibujo |c 1968 | ||
| 300 | |a 105 páginas | ||
| 520 | |a El documento consiste en un anuario estadístico del Sistema Hospitalario Nacional de Costa Rica, del año 1967. | ||
| 650 | 0 | |9 2417 |a HOSPITALES | |
| 650 | 0 | |9 5241 |a ESTADISTICAS | |
| 650 | 0 | |9 4530 |a ANUARIOS | |
| 651 | 0 | |9 32 |a COSTA RICA | |
| 942 | |2 ddc |c LITG |h 02.05.02 CR8375a 1967 |i 05643 |6 020502_CR8375A_1967_05643 | ||
| 999 | |c 16950 |d 16950 | ||
